[Event "SRI-chB"]
[Site "Narahenpita"]
[Date "2017.05.19"]
[Round "6"]
[White "Kandearachchi, Jayanga"]
[Black "Prabajith, Asela"]
[Result "0-1"]
[WhiteElo "1697"]
[BlackElo "1843"]
[PlyCount "82"]
[EventDate "2017.05.12"]
[EventType "swiss"]
[EventRounds "10"]
[EventCountry "SRI"]
[SourceTitle "CBM 178 Extra"]
[Source "ChessBase"]
[SourceDate "2017.06.22"]
[SourceVersion "1"]
[SourceVersionDate "2017.06.22"]
[SourceQuality "1"]

1. d4 f5 2. Bg5 g6 3. e3 Bg7 4. c3 c6 5. Nd2 Nf6 6. Bd3 d5 7. Ngf3 Nbd7 8. h4 Ne4 9. h5 h6 10. Bf4 g5 11. Be5 Nxe5 12. Nxe5 Bxe5 13. dxe5 Qc7 14. f4 Be6 15. Nf3 c5 16. Qa4+ Bd7 17. Bb5 e6 18. Bxd7+ Qxd7 19. Qxd7+ Kxd7 20. Nd2 gxf4 21. Nxe4 fxe4 22. exf4 Rhg8 23. Kf2 Raf8 24. g3 Kc6 25. Rad1 Rf5 26. Rh3 Rgg5 27. Rdh1 d4 28. Ke2 Rg7 29. cxd4 cxd4 30. Rc1+ Kd5 31. b4 b6 32. b5 Rff7 33. Rc6 Rd7 34. Kf2 d3 35. Ke3 Rg8 36. a3 Rgg7 37. a4 Rg8 38. Rc3 Rdg7 39. Kf2 Kd4 40. Rc6 e3+ 41. Kf3 e2 0-1

[Event "SRI-chB"]
[Site "Malabe"]
[Date "2015.06.19"]
[Round "1"]
[White "Kandearachchi, Jayanga"]
[Black "Peiris, TSS"]
[Result "0-1"]
[WhiteElo "1698"]
[BlackElo "2026"]
[PlyCount "62"]
[EventDate "2015.06.19"]
[EventType "swiss"]
[EventRounds "10"]
[EventCountry "SRI"]
[SourceTitle "CBM 167 Extra"]
[Source "ChessBase"]
[SourceDate "2015.09.14"]
[SourceVersion "1"]
[SourceVersionDate "2015.09.14"]
[SourceQuality "1"]

1. d4 d5 2. Nf3 Nf6 3. c3 e6 4. Bg5 Bd6 5. e3 Nbd7 6. Bd3 b6 7. Nbd2 Bb7 8. Qa4 0-0 9. 0-0 c5 10. Rfe1 Qc7 11. Bxf6 Nxf6 12. dxc5 bxc5 13. Qh4 e5 14. e4 dxe4 15. Nxe4 Nxe4 16. Bxe4 Bxe4 17. Qxe4 Rae8 18. Rad1 Re6 19. h3 Qe7 20. Rd5 Kh8 21. Nxe5 Kg8 22. f4 f6 23. Qc4 Rf7 24. Rxd6 Qxd6 25. Nxf7 Rxe1+ 26. Kf2 Qd2+ 27. Kg3 Qe3+ 28. Kh2 Qg1+ 29. Kg3 Re3+ 30. Kh4 Qf2+ 31. Kh5 g6+ 0-1